| 000 | 00580nam a2200181 i 4500 | ||
|---|---|---|---|
| 001 | 19584 | ||
| 003 | ES-MaACL | ||
| 005 | 20230906152128.0 | ||
| 007 | t| | ||
| 008 | 021004s1975 sp ||||1| spa d | ||
| 100 | 1 |
_aAbel Vilela, Adolfo de, _d1946- _918035 |
|
| 245 | 1 | 0 |
_aGuía de las murallas romanas de Lugo / _cpor Adolfo de Abel Vilela. |
| 260 |
_a[Madrid] : _bDirección General del Patronato Artístico y Cultural, _c[1975] |
||
| 300 |
_a64 p., 57 lám. ; _c20 cm. |
||
| 650 | 4 |
_aMurallas- _zLugo. _9155661 |
|
| 852 |
_aES-MaACL _jL-3508 _bR.104276 |
||
| 999 |
_c19584 _d19584 |
||